विज्ञान जिज्ञासा प्रशोनात्तरी : (Record no. 119910)

MARC details
000 -LEADER
fixed length control field 01224nam a22002537a 4500
005 - DATE AND TIME OF LATEST TRANSACTION
control field 20170124103150.0
010 ## - LIBRARY OF CONGRESS CONTROL NUMBER
LC control number B-257010
020 ## - INTERNATIONAL STANDARD BOOK NUMBER
Terms of availability 275.00
International Standard Book Number 8188026123
035 ## - SYSTEM CONTROL NUMBER
System control number B-257010
037 ## - SOURCE OF ACQUISITION
Source of stock number/acquisition Cen Lib/Ret
040 ## - CATALOGING SOURCE
Original cataloging agency DPL
Language of cataloging HN
082 ## - DEWEY DECIMAL CLASSIFICATION NUMBER
Classification number 507
Item number दत्तउ
100 ## - MAIN ENTRY--PERSONAL NAME
Personal name दत्त, उषा
9 (RLIN) 87580
245 ## - TITLE STATEMENT
Title विज्ञान जिज्ञासा प्रशोनात्तरी :
Statement of responsibility, etc उषा दत्त
Remainder of title रसायन, भौतिकी तथा जीव-विज्ञान /
246 ## - VARYING FORM OF TITLE
Title proper/short title Vigyaan jigyasa prashonattri : Rasayan, bhautiki tatha jeev vigyan /
Remainder of title by Usha Datt
260 ## - PUBLICATION, DISTRIBUTION, ETC. (IMPRINT)
Place of publication, distribution, etc दिल्ली
Name of publisher, distributor, etc राजकुमार एंड संस
Date of publication, distribution, etc 2006
270 ## - ADDRESS
City दिल्ली
Address 30/35, गली न. ९, विश्वास नगर, शाहदरा
Postal code 110032
300 ## - PHYSICAL DESCRIPTION
Extent 244पृ.:
Dimensions 20सेमी(सजिल्द )
Other physical details सचित्र
650 ## - SUBJECT ADDED ENTRY--TOPICAL TERM
Topical term or geographic name as entry element विज्ञान - अनेक वस्तुओं का संग्रह
General subdivision
Geographic subdivision
9 (RLIN) 87581
650 ## - SUBJECT ADDED ENTRY--TOPICAL TERM
Topical term or geographic name as entry element विज्ञान
9 (RLIN) 87582
650 ## - SUBJECT ADDED ENTRY--TOPICAL TERM
Topical term or geographic name as entry element Science -- Miscellanea.
9 (RLIN) 87583
650 ## - SUBJECT ADDED ENTRY--TOPICAL TERM
Topical term or geographic name as entry element Science.
9 (RLIN) 10795
942 ## - ADDED ENTRY ELEMENTS (KOHA)
Source of classification or shelving scheme Dewey Decimal Classification
Koha item type Hindi Books
Classification part 507
Call number suffix दत्तउ
Holdings
Withdrawn status Lost status Damaged status Not for loan Home library Current library Date acquired Source of acquisition Cost, normal purchase price Total Checkouts Full call number Barcode Date last seen Copy number Cost, replacement price Price effective from Koha item type Public note
        Central Library Central Library 19/09/2015 Cen Lib/Ref 275.00   507 दत्तउ B-257010 19/09/2015 1 275.00 19/09/2015 Hindi Books Legal Case (Register 2018)

© Delhi Public Library
Hit Counter
free hit counter